00465 2200181 4500001002100000005001500021008004100036020001800077035001900095041000700114082001400121090002000135100002500155245002100180260003700201300001700238650002800255INLIS00000000001991820241224115806241224||||||||| | ||| |||| || |  a979-692-952-X 0010-1224019918 aid0 aREF 590.3 aREF 590.3 SAR m0 asari pusparini soleh00aENSIKLOPEDI ANAK aBandungbRemaja Rosdakaryac2009 a56hlm21x28cm 0aIlmu-Ilmu Tentang Hewan